| 000 | 00594nam a22002057a 4500 | ||
|---|---|---|---|
| 003 | OSt | ||
| 005 | 20250826070052.0 | ||
| 008 | 250826b |||||||| |||| 00| 0 eng d | ||
| 020 | _a 0-19-530487-X | ||
| 040 |
_aDWCL-Main lib _cOC |
||
| 082 |
_29th ed. _aCirc. 302.2 Ad237 2006 |
||
| 100 | _aGeorge Rodman | ||
| 245 |
_aUnderstanding human communication/ _cGeorge Rodman |
||
| 260 |
_aNew York : _bOxford University Press, _cc2006 |
||
| 300 |
_a140 p. _c25 cm. |
||
| 500 | _aIncludes index | ||
| 650 | _aCommunication | ||
| 700 | _aRonald B. Adler | ||
| 942 |
_2ddc _cBK-CIRC _e9th ed. _kCirc. _n0 |
||
| 999 |
_c4275 _d4275 |
||